[Event "13th EICC"]
[Site "Plovdiv BUL"]
[Date "2012.03.30"]
[Round "10.97"]
[White "Lomsadze, Davit"]
[Black "Rasulov, Vugar"]
[Result "1-0"]
[BlackTitle "GM"]
[WhiteElo "2338"]
[BlackElo "2526"]
[WhiteFideId "13603450"]
[BlackFideId "13402390"]
[EventDate "2012.03.20"]
[EventType "swiss"]

1. Nf3 c5 2. g3 Nc6 3. Bg2 g6 4. O-O Bg7 5. c4 e6 6. Nc3 Nge7 7. d3 O-O 8. Bd2
d5 9. Qc1 Re8 10. Rb1 b6 11. a3 Bb7 12. b4 cxb4 13. axb4 Rc8 14. c5 Nf5 15. b5
Na5 16. c6 Ba8 17. e4 Ne7 18. exd5 exd5 19. Bh6 Bh8 20. Bf4 a6 21. Re1 d4 22. c7
Qd7 23. Ne4 Nd5 24. bxa6 f5 25. Nd6 Rxe1+ 26. Qxe1 Rxc7 27. Be5 Bxe5 28. Qxe5
Rc5 29. Ne8 Nc6 30. Qxd5+ Qxd5 31. Nf6+ Kg7 32. Nxd5 Rxd5 33. Rxb6 Ra5 34. Nd2
Ra1+ 35. Nf1 Re1 36. a7 Kf7 37. Bxc6 1-0

[Event "13th EICC"]
[Site "Plovdiv BUL"]
[Date "2012.03.30"]
[Round "10.98"]
[White "Holzke, Frank"]
[Black "Tate, Alan"]
[Result "1-0"]
[WhiteTitle "GM"]
[BlackTitle "FM"]
[WhiteElo "2508"]
[BlackElo "2350"]
[WhiteFideId "4600428"]
[BlackFideId "2401878"]
[EventDate "2012.03.20"]
[EventType "swiss"]

1. c4 e5 2. Nc3 Nf6 3. Nf3 Nc6 4. g3 d5 5. cxd5 Nxd5 6. Bg2 Nb6 7. O-O Be7 8. a3
Be6 9. d3 O-O 10. b4 f6 11. Ne4 Qd7 12. Qc2 a5 13. b5 Na7 14. a4 Nd5 15. Nc5
Bxc5 16. Qxc5 b6 17. Qc2 c6 18. bxc6 Nxc6 19. Qb2 Rac8 20. Bd2 Ncb4 21. Ne1 Na6
22. Bxd5 Bxd5 23. Qxb6 Nc5 24. Ra3 Nxa4 25. Qxa5 Ra8 26. Qb4 Rfb8 27. Qh4 Rb2
28. e4 Be6 29. Be3 Rb1 30. Nc2 Rxf1+ 31. Kxf1 Bh3+ 32. Kg1 Rc8 33. Ne1 Nc3 34.
Ra7 Qe6 35. Bh6 g6 36. Nf3 Ne2+ 37. Kh1 Rb8 38. Ra1 Rd8 39. Ra3 Rb8 40. Ra1 Rd8
41. Nd2 Rc8 42. Nc4 Nd4 43. Be3 Nc2 44. Rb1 Nxe3 45. Nxe3 h5 46. Nd5 Kg7 47.
Nxf6 Qxf6 48. Qxh3 Qf3+ 49. Kg1 Rf8 50. Qf1 h4 51. Re1 Qg4 52. Qe2 Qxe2 53. Rxe2
h3 54. Kf1 g5 55. Ra2 g4 56. Ke2 Rf3 57. Ra6 Kf7 58. Rb6 Kg7 59. Re6 Rf7 60.
Rxe5 Kg6 61. Rf5 Ra7 62. Ke3 Ra2 63. d4 1-0

[Event "13th EICC"]
[Site "Plovdiv BUL"]
[Date "2012.03.30"]
[Round "10.102"]
[White "Sulskis, Sarunas"]
[Black "Kanter, Eduard"]
[Result "1-0"]
[WhiteTitle "GM"]
[BlackTitle "IM"]
[WhiteElo "2596"]
[BlackElo "2394"]
[WhiteFideId "12800112"]
[BlackFideId "4103963"]
[EventDate "2012.03.20"]
[EventType "swiss"]

1. e4 c5 2. Nf3 d6 3. d4 cxd4 4. Nxd4 Nf6 5. Nc3 g6 6. Be3 Bg7 7. f3 O-O 8. Qd2
Nc6 9. g4 Be6 10. Nxe6 fxe6 11. O-O-O Ne5 12. Be2 Qa5 13. Kb1 Rac8 14. Nb5 Qxd2
15. Rxd2 a6 16. Nd4 Kf7 17. Rdd1 Nc4 18. Bc1 e5 19. Bxc4+ Rxc4 20. Nb3 Rfc8 21.
c3 Nd7 22. h4 Nf8 23. h5 Ne6 24. g5 Nf4 25. h6 Bf8 26. Bxf4 exf4 27. e5 dxe5 28.
Rhe1 e4 29. fxe4 R8c7 30. Nd2 R4c5 31. Nf3 e6 32. Rd8 e5 33. Red1 Re7 34. Rb8
Rc4 35. Rd6 Re8 36. Rf6+ Ke7 37. Rxb7+ Kd8 38. Rxa6 1-0

[Event "13th EICC"]
[Site "Plovdiv BUL"]
[Date "2012.03.30"]
[Round "10.104"]
[White "Kreisl, Robert"]
[Black "Manolache, Marius"]
[Result "0-1"]
[WhiteTitle "IM"]
[BlackTitle "GM"]
[WhiteElo "2400"]
[BlackElo "2561"]
[WhiteFideId "1613880"]
[BlackFideId "1201530"]
[EventDate "2012.03.20"]
[EventType "swiss"]

1. Nf3 Nf6 2. c4 d6 3. d4 c6 4. Nc3 g6 5. e4 Bg7 6. Be2 O-O 7. Be3 a6 8. h3 b5
9. e5 Ne8 10. Qd2 Nd7 11. Bh6 Nb6 12. h4 f6 13. Bxg7 Nxg7 14. h5 gxh5 15. exd6
exd6 16. c5 dxc5 17. dxc5 Qxd2+ 18. Nxd2 Nd7 19. b4 a5 20. bxa5 Nxc5 21. Nb3 Nb7
22. a4 b4 23. Na2 Be6 24. Nd4 Bxa2 25. Rxa2 Nxa5 26. O-O Rfd8 27. Nb3 Nxb3 28.
Bc4+ Kf8 29. Bxb3 Nf5 30. Rb1 Nd4 31. Bc4 Rdb8 32. a5 b3 33. Ra4 c5 34. a6 Ke7
35. Kh2 Kd6 36. Kh3 Rb4 37. Rxb4 cxb4 38. Kh4 Kc5 39. Bd3 Nb5 40. Rxb3 Rxa6 41.
Bxh7 Ra7 42. Bg6 Nd4 43. Rb1 b3 44. Kxh5 Kb4 45. Rd1 Kc3 46. Rd3+ Kc4 47. Rd2 f5 0-1

[Event "13th EICC"]
[Site "Plovdiv BUL"]
[Date "2012.03.30"]
[Round "10.106"]
[White "Schroll, Gerhard"]
[Black "Szabo, Gergely-Andras-Gyula"]
[Result "1/2-1/2"]
[WhiteTitle "IM"]
[BlackTitle "GM"]
[WhiteElo "2388"]
[BlackElo "2553"]
[WhiteFideId "1600907"]
[BlackFideId "1205064"]
[EventDate "2012.03.20"]
[EventType "swiss"]

1. d4 e6 2. e4 d5 3. exd5 exd5 4. Bd3 Nc6 5. c3 Bd6 6. Nf3 Bg4 7. O-O Qd7 8.
Re1+ Nge7 9. Nbd2 O-O-O 10. b4 Ng6 11. Qa4 Nf4 12. Bf1 Rde8 13. Ba3 Rxe1 14.
Rxe1 Re8 15. Rxe8+ Qxe8 16. b5 Nd8 17. Bxd6 cxd6 18. h3 Bxf3 19. Nxf3 Qe4 20.
Qd1 Qf5 21. Nh4 Qe6 22. Qg4 Qxg4 23. hxg4 Kd7 24. g3 Nfe6 25. Nf5 Ng5 26. Bg2
Ne4 27. Bxe4 dxe4 28. Nxg7 d5 29. Nh5 Ke6 30. f3 exf3 31. Kf2 f6 32. Ng7+ Kd7
33. Kxf3 Nf7 34. Nh5 Ke6 35. Ng7+ Kd7 36. Nh5 Ke6 37. Kf4 Nd6 38. a4 Ne4 39. c4
Nc3 40. c5 Nxa4 41. Ke3 Nc3 42. Nf4+ Kd7 43. Kd3 Nxb5 44. Nxd5 Ke6 45. Nf4+ Kd7
46. Nd5 Ke6 47. Nf4+ Kd7 48. Nd5 1/2-1/2

[Event "13th EICC"]
[Site "Plovdiv BUL"]
[Date "2012.03.30"]
[Round "10.107"]
[White "Stefansson, Hannes"]
[Black "Schachinger, Mario"]
[Result "1-0"]
[WhiteTitle "GM"]
[BlackTitle "FM"]
[WhiteElo "2531"]
[BlackElo "2391"]
[WhiteFideId "2300087"]
[BlackFideId "1616773"]
[EventDate "2012.03.20"]
[EventType "swiss"]

1. e4 c6 2. d4 d5 3. e5 Bf5 4. Nf3 e6 5. Be2 c5 6. O-O Nc6 7. c3 cxd4 8. cxd4
Nge7 9. h3 Nc8 10. Nc3 Be7 11. Be3 Nb6 12. Nd2 O-O 13. f4 f6 14. Nf3 fxe5 15.
fxe5 Rc8 16. Rc1 Na5 17. Bf2 a6 18. Bd3 Nbc4 19. Bxf5 Rxf5 20. Qe2 Qd7 21. b3
Nb6 22. Qd2 Nc6 23. Qb2 Nb4 24. Rfd1 Rff8 25. Be3 Nc6 26. Ne2 Na7 27. Rxc8 Rxc8
28. Nf4 Nb5 29. a4 Nc3 30. Rf1 Ne4 31. Nd2 Bg5 32. a5 Na8 33. Nxe4 dxe4 34. Qb1
Bxf4 35. Rxf4 Nc7 36. Qxe4 Nd5 37. Rh4 g6 38. Rg4 Qf7 39. Rg3 Qf5 40. Qh4 Nc3
41. Rf3 Qb1+ 42. Kh2 Nd5 43. Bh6 Qc2 44. Qg4 Qc6 45. h4 Ne7 46. h5 Nf5 47. hxg6
Nxh6 48. Qh4 Qc1 49. Rf4 Rf8 50. gxh7+ 1-0

[Event "13th EICC"]
[Site "Plovdiv BUL"]
[Date "2012.03.30"]
[Round "10.109"]
[White "Balla, Tamas-Kristof"]
[Black "Drenchev, Petar"]
[Result "1/2-1/2"]
[WhiteTitle "FM"]
[BlackTitle "GM"]
[WhiteElo "2369"]
[BlackElo "2499"]
[WhiteFideId "1208497"]
[BlackFideId "2903261"]
[EventDate "2012.03.20"]
[EventType "swiss"]

1. d4 Nf6 2. c4 e6 3. Nc3 Bb4 4. Qc2 d5 5. cxd5 exd5 6. Bg5 h6 7. Bxf6 Qxf6 8.
e3 O-O 9. Nf3 Rd8 10. a3 Bf5 11. Bd3 Bxc3+ 12. Qxc3 Nc6 13. Bxf5 Qxf5 14. b4 a6
15. O-O Rd6 16. a4 Qh5 17. Rfc1 Rg6 18. Ne1 Rc8 19. b5 Nd8 20. Qd3 axb5 21. axb5
Rb6 22. Nf3 Qg6 23. Qxg6 Rxg6 24. Ne5 Rd6 25. Rab1 Ne6 26. f4 g6 27. g4 Kg7 28.
b6 c6 29. Nd3 Nf8 30. Nc5 Rb8 31. Ra1 Nd7 32. Nxd7 Rxd7 33. Ra7 Rd6 34. Kf2 Re6
35. Rca1 Ree8 36. Kf3 Kf6 37. R1a2 Ke6 38. h4 Kd6 39. Rc2 Rh8 40. Rc5 h5 41. g5
Rhe8 42. Rca5 Kd7 43. Ke2 Ke6 44. Kf3 Kd7 45. Kf2 Kd6 46. Ke2 Ke6 47. Rc5 Kd6
48. Kf3 Re4 49. Rc3 Ree8 50. Rca3 Kd7 51. R3a5 Kd6 52. Ke2 Ke6 53. Rc5 Kd6 54.
Kf2 Re4 55. Rca5 1/2-1/2

[Event "13th EICC"]
[Site "Plovdiv BUL"]
[Date "2012.03.30"]
[Round "10.111"]
[White "Nakar, Eylon"]
[Black "Paichadze, Luka"]
[Result "0-1"]
[WhiteTitle "FM"]
[BlackTitle "IM"]
[WhiteElo "2344"]
[BlackElo "2491"]
[WhiteFideId "2811111"]
[BlackFideId "13602934"]
[EventDate "2012.03.20"]
[EventType "swiss"]

1. e4 c6 2. d4 d5 3. Nc3 dxe4 4. Nxe4 Nf6 5. Nxf6+ gxf6 6. g3 h5 7. Nf3 Bg4 8.
Bg2 h4 9. h3 Bxf3 10. Bxf3 hxg3 11. fxg3 e6 12. Bf4 Bd6 13. Qd2 Bxf4 14. Qxf4
Qa5+ 15. Qd2 Qc7 16. Qf2 Nd7 17. O-O-O f5 18. Kb1 Nb6 19. g4 fxg4 20. hxg4 O-O-O
21. Be4 Rhg8 22. Qf3 Nc4 23. Qe2 Nd6 24. Bd3 Rg5 25. Rh5 Qe7 26. Be4 Nxe4 27.
Qxe4 Rdg8 28. Rxg5 Qxg5 29. Rg1 Rg6 30. c4 f5 31. Qe5 fxg4 32. Qxg5 Rxg5 33. Rg3
Kd7 34. Kc2 e5 35. Kd3 Ke6 36. dxe5 Kxe5 37. Ke3 Rg7 38. b3 Kf5 39. Kf2 Rh7 40.
Rg2 Rh1 41. Ke2 b6 42. a4 Rb1 43. Rg3 Kf4 44. Rd3 g3 45. Rf3+ Kg4 46. Rf7 g2 47.
Rg7+ Kf4 48. Rxg2 Rb2+ 49. Kf1 Rxg2 50. Kxg2 Ke3 0-1

[Event "13th EICC"]
[Site "Plovdiv BUL"]
[Date "2012.03.30"]
[Round "10.112"]
[White "Perunovic, Miodrag"]
[Black "Janev, Tihomir"]
[Result "1/2-1/2"]
[WhiteTitle "IM"]
[BlackTitle "FM"]
[WhiteElo "2481"]
[BlackElo "2382"]
[WhiteFideId "919993"]
[BlackFideId "2910110"]
[EventDate "2012.03.20"]
[EventType "swiss"]

1. d4 Nf6 2. Nf3 b5 3. Bg5 Bb7 4. e3 a6 5. Nbd2 e6 6. Bd3 Be7 7. e4 d6 8. Qe2
Nbd7 9. Bxf6 Bxf6 10. e5 Be7 11. h4 dxe5 12. Nxe5 Nxe5 13. dxe5 O-O 14. O-O-O
Qd4 15. Kb1 Rad8 16. Rh3 Bc5 17. Rg3 g6 18. Nb3 Qxf2 19. Nxc5 Qxg3 20. Nxb7 Rd5
21. Re1 Qxh4 22. g4 c5 23. Qe4 c4 24. Bf1 Rb8 25. Nd6 f6 26. Rc1 fxe5 27. Nxc4
bxc4 28. Bxc4 Rd6 29. Qxe5 Rbb6 30. Qe4 Qf6 31. b3 Rd4 32. Qe2 Rbd6 33. Bxa6 Rd2
34. Qe1 Kg7 35. Bc4 R2d4 36. Qe2 e5 37. a4 e4 38. Ka2 Qf3 39. Qh2 Rd1 40. g5
Rxc1 41. Qxd6 Rxc2+ 42. Kb1 Rxc4 43. Qe7+ Kg8 44. Qe8+ Kg7 45. Qe7+ Kg8 46. Qd8+ 1/2-1/2

[Event "13th EICC"]
[Site "Plovdiv BUL"]
[Date "2012.03.30"]
[Round "10.113"]
[White "Kovalev, Vladislav"]
[Black "Novkovic, Milan"]
[Result "1/2-1/2"]
[WhiteTitle "IM"]
[BlackTitle "IM"]
[WhiteElo "2477"]
[BlackElo "2381"]
[WhiteFideId "13504398"]
[BlackFideId "1613103"]
[EventDate "2012.03.20"]
[EventType "swiss"]

1. e4 e6 2. d4 d5 3. Nd2 dxe4 4. Nxe4 Nd7 5. Nf3 Ngf6 6. Nxf6+ Nxf6 7. Bd3 Be7
8. O-O O-O 9. Ne5 c5 10. dxc5 Qc7 11. Re1 Qxc5 12. Qf3 Nd7 13. Bxh7+ Kxh7 14.
Qd3+ Kg8 15. Nxd7 Bxd7 16. Qxd7 Bf6 17. c3 b5 18. Be3 Qc4 19. Qd2 a5 20. Qe2 a4
21. Qxc4 bxc4 22. Bc5 a3 23. Bxa3 Rxa3 24. bxa3 Bxc3 25. Rac1 Bxe1 26. Rxe1 Rb8
27. Rc1 Rb2 28. h4 Rxa2 29. Rxc4 Rxa3 30. g4 g6 31. Kg2 Kg7 32. f3 Re3 33. Rc5
Rb3 34. h5 gxh5 35. Rxh5 Rb4 36. Rg5+ Kf6 37. Ra5 Kg7 38. Rc5 Ra4 39. Rg5+ Kf6
40. Rc5 1/2-1/2

[Event "13th EICC"]
[Site "Plovdiv BUL"]
[Date "2012.03.30"]
[Round "10.114"]
[White "Arnaudov, G. Petar"]
[Black "Nenezic, Marko"]
[Result "1-0"]
[WhiteTitle "IM"]
[WhiteElo "2476"]
[BlackElo "2370"]
[WhiteFideId "2907127"]
[BlackFideId "912123"]
[EventDate "2012.03.20"]
[EventType "swiss"]

1. d4 Nf6 2. c4 g6 3. Nc3 Bg7 4. e4 d6 5. h3 O-O 6. Nf3 e5 7. d5 a5 8. g4 Na6 9.
Be3 Nd7 10. a3 Nac5 11. Rg1 a4 12. Nd2 Kh8 13. Qc2 Bf6 14. g5 Bg7 15. O-O-O f6
16. h4 fxg5 17. hxg5 Rf4 18. Be2 Qe7 19. Rg2 Nb6 20. Rh1 Bd7 21. Bxf4 exf4 22.
Bg4 Kg8 23. e5 Qxe5 24. Nf3 Qe7 25. Bxd7 Nbxd7 26. Rgh2 Nf8 27. Re1 Qf7 28. Ne4
Nb3+ 29. Kb1 Nd7 30. Reh1 Nf8 31. Rh4 Nd7 32. Rxh7 Ra6 33. R1h6 Qf5 34. Rh1 Rb6
35. Nc3 Nf8 36. Qxf5 gxf5 37. R7h3 Bxc3 38. bxc3 Nd2+ 39. Ka2 Ne4 40. Nd4 Nxf2
41. Rh8+ Kf7 42. Ne6 Nxe6 43. dxe6+ Kxe6 44. R1h7 1-0

[Event "13th EICC"]
[Site "Plovdiv BUL"]
[Date "2012.03.30"]
[Round "10.116"]
[White "Nestorovic, Nikola"]
[Black "Izzat, Kanan"]
[Result "1/2-1/2"]
[WhiteTitle "IM"]
[BlackTitle "FM"]
[WhiteElo "2462"]
[BlackElo "2319"]
[WhiteFideId "934526"]
[BlackFideId "13405209"]
[EventDate "2012.03.20"]
[EventType "swiss"]

1. e4 c6 2. d4 d5 3. e5 Bf5 4. Be3 e6 5. Nd2 Nd7 6. Ngf3 c5 7. c4 Ne7 8. dxc5
Nc6 9. cxd5 exd5 10. Nb3 Ndxe5 11. Nxe5 Nxe5 12. Nd4 Bd7 13. b4 Be7 14. Be2 a5
15. a3 O-O 16. O-O Be6 17. b5 Nc4 18. Bxc4 dxc4 19. Nxe6 fxe6 20. Qg4 Rf5 21.
Qxc4 Qd5 22. Qxd5 Rxd5 23. Rfd1 Rc8 24. Rxd5 exd5 25. Rc1 Kf7 26. Kf1 Bf6 27. a4
Ke6 28. Ke2 Bb2 29. Rb1 Ba3 30. c6 bxc6 31. bxc6 Rxc6 32. Rb6 Kd6 33. Kd3 Rxb6
34. Bxb6 Bc5 35. Bxa5 Bxf2 36. Bc3 g6 37. a5 Kc6 38. a6 Bg1 39. h3 Bh2 40. a7
Kb7 41. Kd4 Kxa7 42. Kxd5 Kb7 43. g4 Bg3 44. Ke6 Kc6 45. Bf6 Bf2 46. Bg7 Bh4 47.
Bh6 Bf2 48. Kf7 Kd7 49. Kg7 Ke6 50. Kxh7 Kf7 51. Bg5 Bd4 52. h4 Be5 53. Bh6 Bd4
54. Bf4 Bc3 55. Bg3 Bd4 56. g5 Bc3 57. Bc7 Bd4 58. Bd8 Bc3 59. Bc7 Bd4 60. Bg3
Bc3 61. h5 gxh5 62. g6+ Kf8 63. Bh4 Bd4 64. Bg5 Bc3 65. Bd2 Bd4 66. Bg5 Bc3 67.
Bh6+ Ke7 68. Bg5+ Kf8 69. Bd2 Bd4 70. Bb4+ Ke8 71. Bc5 Bc3 72. Bd6 h4 73. Kh6 h3 1/2-1/2

[Event "13th EICC"]
[Site "Plovdiv BUL"]
[Date "2012.03.30"]
[Round "10.117"]
[White "Zaslavsky, Mikhail"]
[Black "Panteleev, Petar"]
[Result "1/2-1/2"]
[WhiteTitle "IM"]
[WhiteElo "2450"]
[BlackElo "2347"]
[WhiteFideId "2807670"]
[BlackFideId "2903610"]
[EventDate "2012.03.20"]
[EventType "swiss"]

1. c4 e6 2. Nc3 d5 3. cxd5 exd5 4. d4 c6 5. Qc2 Bd6 6. Nf3 Ne7 7. Bg5 f6 8. Bh4
Bf5 9. Qd2 Nd7 10. e3 Nb6 11. Bg3 Ng6 12. Bd3 Bxd3 13. Qxd3 a5 14. O-O O-O 15.
Qf5 Re8 16. a4 Bb4 17. Ne1 Nc8 18. Qc2 Bd6 19. Nd3 Nf8 20. Rfe1 Ne6 21. Rad1
Bxg3 22. hxg3 Nd6 23. f3 Qd7 24. Kf2 Qf7 25. Nf4 Re7 26. Rh1 Ng5 27. Nh3 Nxh3+
28. Rxh3 Qg6 29. Qxg6 hxg6 30. Rdh1 Rae8 31. Rh8+ Kf7 32. Rxe8 Rxe8 33. Rb1 Ra8
34. b4 axb4 35. Rxb4 Ra7 36. Ke2 Ke6 37. Kd3 Ra5 38. Rb6 Kd7 39. Rb1 Ke6 40. Rb4
Kd7 41. Ne2 g5 42. Nc1 Ra7 43. Nb3 Nc4 44. e4 1/2-1/2

[Event "13th EICC"]
[Site "Plovdiv BUL"]
[Date "2012.03.30"]
[Round "10.120"]
[White "Raznikov, Danny"]
[Black "Ali Marandi, Cemil Can"]
[Result "0-1"]
[WhiteTitle "IM"]
[BlackTitle "FM"]
[WhiteElo "2436"]
[BlackElo "2315"]
[WhiteFideId "2811154"]
[BlackFideId "6300529"]
[EventDate "2012.03.20"]
[EventType "swiss"]

1. d4 d5 2. c4 c6 3. e3 Nf6 4. Nc3 e6 5. Bd3 Nbd7 6. cxd5 exd5 7. Nge2 g6 8. O-O
Bg7 9. b4 O-O 10. b5 c5 11. dxc5 Nxc5 12. Ba3 b6 13. Nd4 Bb7 14. Be2 Re8 15. Rc1
Nfe4 16. Nxe4 Nxe4 17. Qa4 Be5 18. Nc6 Bxc6 19. bxc6 Qc7 20. g3 Nc3 21. Rxc3
Bxc3 22. Rc1 d4 23. exd4 Bd2 24. d5 Qe5 25. Bf3 Bxc1 26. Bxc1 Qe1+ 27. Kg2 Qxc1
28. d6 Qc5 29. d7 Re7 30. Qa6 Rxd7 31. cxd7 Rd8 32. Qb7 Kf8 33. Bc6 a6 34. a4
Ke7 35. Qc8 h5 36. h4 f6 37. Qc7 g5 38. hxg5 fxg5 39. Qb7 h4 40. Bf3 hxg3 41.
Kxg3 Rxd7 42. Qxa6 Rd2 43. Qf1 Qd4 44. Qe1+ Kf6 45. Kg2 g4 46. Bb7 Qf4 47. Qa1+
Kf7 0-1

[Event "13th EICC"]
[Site "Plovdiv BUL"]
[Date "2012.03.30"]
[Round "10.122"]
[White "Givon, Asaf"]
[Black "Poetsch, Hagen"]
[Result "0-1"]
[WhiteTitle "FM"]
[BlackTitle "IM"]
[WhiteElo "2340"]
[BlackElo "2432"]
[WhiteFideId "2801841"]
[BlackFideId "24615137"]
[EventDate "2012.03.20"]
[EventType "swiss"]

1. e4 c5 2. Nf3 d6 3. d4 cxd4 4. Nxd4 Nf6 5. Nc3 g6 6. Be3 a6 7. f3 h5 8. Bc4
Nbd7 9. Qe2 Bg7 10. O-O O-O 11. a3 Ne5 12. Ba2 b5 13. a4 b4 14. Nd5 a5 15. Nb5
Ned7 16. Rad1 Bb7 17. Nf4 Ne5 18. Qf2 Qc8 19. Qg3 Qxc2 20. Nxg6 Nxg6 21. Qxg6 b3
22. Qg3 bxa2 23. Nd4 Nxe4 24. fxe4 Qxe4 25. Nf5 Qg4 26. Nxe7+ Kh7 27. Qf2 f5 28.
h3 Qe4 29. Nxf5 Bc8 30. g4 Bxf5 31. gxf5 Rg8 32. Bg5 Bf6 33. h4 Bxg5 34. hxg5
Rxg5+ 35. Kh2 Rag8 36. Rd2 Rg4 37. Kh3 Rg3+ 0-1

[Event "13th EICC"]
[Site "Plovdiv BUL"]
[Date "2012.03.30"]
[Round "10.124"]
[White "Galopoulos, Nikolaos"]
[Black "Schneider, Veronika"]
[Result "1-0"]
[BlackTitle "WGM"]
[WhiteElo "2430"]
[BlackElo "2312"]
[WhiteFideId "4208951"]
[BlackFideId "721530"]
[EventDate "2012.03.20"]
[EventType "swiss"]

1. Nf3 Nf6 2. c4 g6 3. Nc3 d5 4. cxd5 Nxd5 5. Qc2 Bg7 6. e4 Nxc3 7. dxc3 c5 8.
Bf4 Qa5 9. Bc4 Nc6 10. Qb3 O-O 11. O-O b6 12. Bd5 Bb7 13. Ng5 Nd8 14. Rad1 h6
15. Nxf7 Rxf7 16. Bxf7+ Nxf7 17. Rd7 Ba6 18. Qd5 Re8 19. Rxa7 Bc4 20. Qd7 Qb5
21. Qxb5 Bxb5 22. Rd1 Bc6 23. Ra6 Bxe4 24. Rxb6 g5 25. Bb8 Bc6 26. Bc7 Ba8 27.
Rb5 c4 28. Rc5 Rc8 29. a4 Be5 30. Rd7 Kf8 31. Bd6 Rxc5 32. Bxc5 Bd6 33. Bxd6
exd6 34. Rc7 Bd5 35. Ra7 Ne5 36. a5 Ke8 37. Rh7 Nf7 38. Rg7 Kf8 39. Rg6 Ke7 40.
a6 Kd7 41. a7 Kc7 42. Rg8 Nd8 43. Rh8 1-0

[Event "13th EICC"]
[Site "Plovdiv BUL"]
[Date "2012.03.30"]
[Round "10.125"]
[White "Malikentzos, Sotirios"]
[Black "Indjic, Aleksandar"]
[Result "1-0"]
[WhiteTitle "FM"]
[WhiteElo "2307"]
[BlackElo "2430"]
[WhiteFideId "4215079"]
[BlackFideId "911925"]
[EventDate "2012.03.20"]
[EventType "swiss"]

1. Nf3 g6 2. c4 Bg7 3. Nc3 c5 4. g3 Nc6 5. Bg2 d6 6. O-O h5 7. e3 Bg4 8. h3 Bxf3
9. Qxf3 Qd7 10. a3 f5 11. b4 e5 12. Qe2 Nf6 13. d3 h4 14. Bd2 Rd8 15. Qf3 O-O
16. gxh4 Rde8 17. Nd5 e4 18. Qg3 Kh7 19. Nf4 Qf7 20. bxc5 Nh5 21. Nxh5 gxh5 22.
dxe4 Rg8 23. Rab1 Bh6 24. Qf3 Ne5 25. Qxf5+ Qxf5 26. exf5 Nf3+ 27. Kh1 Nxd2 28.
Rxb7+ Rg7 29. Rd1 Nxc4 30. c6 Rxb7 31. cxb7 Bf8 32. Rc1 Nb6 33. a4 Kg8 34. a5
Nd7 35. Bd5+ Kg7 36. Rc7 1-0

[Event "13th EICC"]
[Site "Plovdiv BUL"]
[Date "2012.03.30"]
[Round "10.126"]
[White "Vlashki, Nino"]
[Black "Zueger, Beat"]
[Result "0-1"]
[BlackTitle "IM"]
[WhiteElo "2258"]
[BlackElo "2425"]
[WhiteFideId "2908743"]
[BlackFideId "1300067"]
[EventDate "2012.03.20"]
[EventType "swiss"]

1. Nf3 Nf6 2. d4 d6 3. c4 g6 4. h3 c5 5. Nc3 cxd4 6. Nxd4 Bg7 7. e4 O-O 8. Be3
Nc6 9. Qd2 Bd7 10. Rc1 Nxd4 11. Bxd4 Qa5 12. Be2 Nxe4 13. Nxe4 Qxd2+ 14. Kxd2
Bxd4 15. Kd3 Bg7 16. b4 a5 17. b5 d5 18. Nc5 Bf5+ 19. Ke3 Bh6+ 20. f4 e5 21. g4
Bxf4+ 22. Kf2 Bxc1 23. gxf5 Ba3 24. Nd7 dxc4 25. Bxc4 Rfc8 26. Bd5 Rd8 27. Bxb7
Ra7 0-1

[Event "13th EICC"]
[Site "Plovdiv BUL"]
[Date "2012.03.30"]
[Round "10.127"]
[White "Diermair, Andreas"]
[Black "Sanal, Vahap"]
[Result "1-0"]
[WhiteTitle "IM"]
[BlackTitle "CM"]
[WhiteElo "2416"]
[BlackElo "2286"]
[WhiteFideId "1612468"]
[BlackFideId "6300545"]
[EventDate "2012.03.20"]
[EventType "swiss"]

1. Nf3 Nf6 2. c4 b6 3. g3 Bb7 4. Bg2 e6 5. O-O Be7 6. Nc3 O-O 7. Re1 d5 8. cxd5
exd5 9. d4 c5 10. Bf4 Nbd7 11. dxc5 Bxc5 12. Nd4 Re8 13. Rc1 h6 14. a3 a6 15. b4
Bf8 16. Nf5 Ne5 17. Qd4 Nc6 18. Qd2 Ne5 19. Rcd1 Nc4 20. Qa2 b5 21. e4 Qc8 22.
Bh3 Kh8 23. Nxd5 Nxd5 24. exd5 Qd7 25. Qa1 Rxe1+ 26. Rxe1 Qxd5 27. f3 Qxf3 28.
Nh4 Qh1+ 29. Kf2 Qxh2+ 30. Bg2 Bxg2 31. Nxg2 Qh5 32. Qc3 Qg6 33. Ne3 Qb6 34. Kg2
Qb7+ 35. Kh2 a5 36. Nxc4 axb4 37. axb4 bxc4 38. Qxc4 g5 39. Be5+ Kg8 40. Re2 Ra4
41. Bc3 1-0

[Event "13th EICC"]
[Site "Plovdiv BUL"]
[Date "2012.03.30"]
[Round "10.131"]
[White "Can, Emre"]
[Black "Agaragimov, Djakhangir"]
[Result "1/2-1/2"]
[WhiteTitle "GM"]
[BlackTitle "FM"]
[WhiteElo "2476"]
[BlackElo "2342"]
[WhiteFideId "6302181"]
[BlackFideId "13401718"]
[EventDate "2012.03.20"]
[EventType "swiss"]

1. d4 Nf6 2. c4 g6 3. Nc3 Bg7 4. e4 d6 5. Nf3 O-O 6. h3 e5 7. d5 Nh5 8. Nh2 Qe8
9. Be2 Nf4 10. Bf3 f5 11. g3 Nxh3 12. Bg2 Qf7 13. Nf3 fxe4 14. Nxe4 Bg4 15. Qd3
Bxf3 16. Qxf3 Qxf3 17. Bxf3 Rxf3 18. Rxh3 h5 19. Ke2 Rf5 20. Bg5 Nd7 21. Rg1
Raf8 22. g4 hxg4 23. Rxg4 Nc5 24. Be3 Nxe4 25. Rxe4 Kf7 26. Rg4 Rg8 27. b3 a6
28. Kd3 Rh5 29. Rf3+ Rf5 30. Rh3 Rh5 31. Rf3+ Rf5 32. Rh3 Rh5 33. Rf3+ Rf5 34.
Rh3 Rh5 35. Rf3+ Rf5 36. Rh3 Rh5 37. Rf3+ Rf5 38. Rh3 Rh5 39. Rf3+ Rf5 40. Rh3
Rh5 41. Rf3+ Rf5 1/2-1/2

[Event "13th EICC"]
[Site "Plovdiv BUL"]
[Date "2012.03.30"]
[Round "10.132"]
[White "Aharon, Ofir"]
[Black "Enchev, Ivajlo"]
[Result "1-0"]
[WhiteTitle "FM"]
[BlackTitle "IM"]
[WhiteElo "2288"]
[BlackElo "2432"]
[WhiteFideId "2800683"]
[BlackFideId "2907712"]
[EventDate "2012.03.20"]
[EventType "swiss"]

1. e4 c5 2. Nf3 d6 3. d4 cxd4 4. Nxd4 Nf6 5. Nc3 a6 6. h3 e6 7. g4 Be7 8. Bg2
Nfd7 9. O-O Nc6 10. Be3 O-O 11. f4 Nxd4 12. Bxd4 e5 13. fxe5 dxe5 14. Be3 Bc5
15. Bxc5 Nxc5 16. Qxd8 Rxd8 17. Rad1 Be6 18. b4 Rxd1 19. Rxd1 Nd7 20. Nd5 Kf8
21. c4 Rc8 22. c5 a5 23. a3 axb4 24. axb4 b6 25. cxb6 Rb8 26. Bf1 Nxb6 27. Nc7
Bb3 28. Rc1 Ke7 29. Rc3 Ba2 30. Ra3 Bb1 31. Ra7 Kf8 32. Na6 Rc8 33. Nc5 Bc2 34.
Bb5 Rb8 35. Bc6 Kg8 36. b5 h5 37. g5 h4 38. Kf2 Kh7 39. Ke2 Rd8 40. Rxf7 Rd6 41.
Rb7 Nc4 42. Rd7 Rg6 1-0